Culture générale (langues) - #02 - Statistiques

Statistiques générales
  • Ce quiz a été pris 50 fois
  • Le résultat moyen est 9 sur 20
Statistiques - réponses
Indice Réponse % Correct
Parfois appelée la "langue de Goethe" Allemand
93%
Langue originale du roman "Anna Karénine" Russe
83%
Langue dans laquelle est rédigée la devise du Royaume-Uni Français
76%
Système d'écriture tactile à points à destination des personnes aveugles ou malvoyantes Braille
74%
S'écrit avec des kanjis, des kanas et parfois des romajis Japonais
71%
En 2022, la chanteuse serbe Konstrakta a été la première de toute l'histoire du concours de l'Eurovision à interpréter en partie son titre dans cette langue Latin
69%
Ecriture figurative utilisée notamment pour rédiger l'égyptien ancien Hiéroglyphes
64%
L'ophtalmologue Louis-Lazare Zamenhof est à l'origine de cette langue construite Esperanto
62%
Langue partagée par la mannequin Victoria Silvstedt et le perchiste Armand Duplantis Suédois
57%
Langue ressuscitée qui a servi à la rédaction de la bible, sa version moderne est parlée depuis la fin du XIXe siècle Hébreu
55%
Nombre de langues officielles au sein l'Union Européenne 24
52%
Ce même Louis-Lazare Zamenhof maniait, en plus du russe et du polonais, cette langue germanique parsemée de vocabulaire hébreu et slave Yiddish
48%
Nom donné pour définir une langue qui s'est développée à partir de la simplification et du mélange de différentes langues déjà existantes Créole
33%
Langue d'Afrique du Sud populaire pour ses "clics", chantée par Miriam Makeba Xhosa
29%
Langue parlée par 70% de la population sri lankaise Singhalais
24%
Cette langue est la plus parlée des langues austroasiatiques. Elle était autrefois parfois appelée "annamite" en France Vietnamien
19%
Langue polynésienne parlée à Nuku'Alofa Tongien
17%
Principales zones du cerveau humain nécessaires à la communication parlée. L'une permet la production de mots, l'autre la compréhension de ces derniers Aire de Broca
10%
Son autonyme "kalaallisut" signifie "la langue du peuple" Groenlandais
10%
Aire de Wernicke
2%
Aucun quiz correspondant
Distribution des résultats
% des personnes avec chaque résultat
Percentile par nombre de réponses
Votre historique - résultats
Vous n’avez pas pris ce quiz